Govt. of
Madhya Pradesh

Normal view MARC view

Entry Personal Name

Number of records used in: 0

001 - CONTROL NUMBER

  • control field: 3608

003 - CONTROL NUMBER IDENTIFIER

  • control field: OSt

005 - DATE AND TIME OF LATEST TRANSACTION

  • control field: 20150730174529.0

008 - FIXED-LENGTH DATA ELEMENTS

  • fixed length control field: 150730|| aca||aabn | a|a d

040 ## - CATALOGING SOURCE

  • Original cataloging agency: OSt
  • Transcribing agency: OSt

100 ## - HEADING--PERSONAL NAME

  • Personal name: Nandy, Ganesh

670 ## - SOURCE DATA FOUND

  • Source citation: Work cat.: (OSt)2886: Nandy, Ganesh, A Sketch Of The Administration Of The Hooghlyn District From 1795 to1845, 2006